<?xml version="1.0" encoding="UTF-8"?><?xml-stylesheet type="text/xsl" href="static/style.xsl"?><OAI-PMH xmlns="http://www.openarchives.org/OAI/2.0/" xmlns:xsi="http://www.w3.org/2001/XMLSchema-instance" xsi:schemaLocation="http://www.openarchives.org/OAI/2.0/ http://www.openarchives.org/OAI/2.0/OAI-PMH.xsd"><responseDate>2026-04-17T23:17:10Z</responseDate><request verb="GetRecord" identifier="oai:riubu.ubu.es:10259/110" metadataPrefix="marc">https://riubu.ubu.es/oai/request</request><GetRecord><record><header><identifier>oai:riubu.ubu.es:10259/110</identifier><datestamp>2022-04-26T11:42:11Z</datestamp><setSpec>com_10259_2699</setSpec><setSpec>col_10259_2713</setSpec></header><metadata><record xmlns="http://www.loc.gov/MARC21/slim" xmlns:doc="http://www.lyncode.com/xoai" xmlns:xsi="http://www.w3.org/2001/XMLSchema-instance" xmlns:dcterms="http://purl.org/dc/terms/" xsi:schemaLocation="http://www.loc.gov/MARC21/slim http://www.loc.gov/standards/marcxml/schema/MARC21slim.xsd">
<leader>00925njm 22002777a 4500</leader>
<datafield tag="042" ind1=" " ind2=" ">
<subfield code="a">dc</subfield>
</datafield>
<datafield tag="720" ind1=" " ind2=" ">
<subfield code="a">Dullius, Maria Madalena</subfield>
<subfield code="e">author</subfield>
</datafield>
<datafield tag="260" ind1=" " ind2=" ">
<subfield code="c">2009</subfield>
</datafield>
<datafield tag="520" ind1=" " ind2=" ">
<subfield code="a">Presentamos la investigación llevada a cabo a fin de mejorar el proceso de enseñanza-aprendizaje de las ecuaciones diferenciales. Desarrollamos una práctica pedagógica en que participaron los alumnos de los cursos de Ingeniería y Química Industrial del Centro Universitário INIVATES (Brasil). La propuesta de enseñanza se centra en la solución de situaciones-problema con el uso de los recursos computacionales. La metodología sigue presupuestos de la Teoría de Vygotsky y los materiales son elaborados a partir de la Teoría del Aprendizaje Significativo de Ausubel. Para la colecta de informaciones utilizamos: cuestionario, entrevistas. guías de actividades, test de conocimientos y diario de campo. Como resultados señalamos que las actividades propuestas y el uso de recursos computacionales motivaron a los alumnos para el estudio y la interacción ha posibilitado debates provechosos y condiciones propicias para el aprendizaje. Además, es importante destacar que proponer una metodología distinta genera incómodo y descontento a los alumnos. _________________________ &#xd;
Yhe work we present here was carried on to improve the differential eaquations teaching-learning process. We developed a pedagogical practice with the students registered in engineering and Industrial Chemistry courses of UNIVATES University Crnter (Brazil). The practice teaching proposals are focused on problem-solution of situations with the use of computational resources. The methodology follows assumptions from the Vygotsky's Theory and the materials based on Ausubel's Meaningful Learning Theory. We used tools for information cellection: questionnaire, interviews, guide to activities, knoledge tests and the field notes. Within the results we ca highlight that the activities proposed and the computational resources helped in motivating students to work and the interaction provided rich discussions and conditions for easier learning. But it's also important to emphasize that when we offer a differentiated approach we often create discomfort and dissatisfaction to the students.</subfield>
</datafield>
<datafield tag="024" ind2=" " ind1="8">
<subfield code="a">http://hdl.handle.net/10259/110</subfield>
</datafield>
<datafield tag="024" ind2=" " ind1="8">
<subfield code="a">10.36443/10259/110</subfield>
</datafield>
<datafield ind1=" " ind2=" " tag="653">
<subfield code="a">Ecuaciones diferenciales</subfield>
</datafield>
<datafield ind1=" " ind2=" " tag="653">
<subfield code="a">Aprendizaje significativo</subfield>
</datafield>
<datafield ind1=" " ind2=" " tag="653">
<subfield code="a">Situaciones-problema</subfield>
</datafield>
<datafield ind1=" " ind2=" " tag="653">
<subfield code="a">Recursos computacionales</subfield>
</datafield>
<datafield ind1=" " ind2=" " tag="653">
<subfield code="a">Interaccción</subfield>
</datafield>
<datafield ind1=" " ind2=" " tag="653">
<subfield code="a">Differential equations</subfield>
</datafield>
<datafield ind1=" " ind2=" " tag="653">
<subfield code="a">Meaningful learning</subfield>
</datafield>
<datafield ind1=" " ind2=" " tag="653">
<subfield code="a">Problem-solution</subfield>
</datafield>
<datafield ind1=" " ind2=" " tag="653">
<subfield code="a">Computational resources</subfield>
</datafield>
<datafield ind1=" " ind2=" " tag="653">
<subfield code="a">Interaction</subfield>
</datafield>
<datafield tag="245" ind1="0" ind2="0">
<subfield code="a">Enseñanza y aprendizaje en ecuaciones diferenciales con abordaje gráfico, numérico y analítico</subfield>
</datafield>
</record></metadata></record></GetRecord></OAI-PMH>